000 00428nam a2200181Ia 4500
001 2276
005 20260306143830.0
008 260306t2015||||xx |||||||||||||| ||spa||
041 _aESP
082 _a616.8527
_bR78
100 _aRojas, Enrique
_eAUT
245 0 _aGuía práctica contra la depresión
260 _c2015
300 _a205 páginas :
_c19 cm.
650 _aGEN
654 _aCPS
942 _cLIB
_dJUS
_fJUS
_2ddc
_n
999 _c2276
_d2276